Motley Crue Songs - Statistics

General Stats
  • This quiz has been taken 578 times
    574 since last reset
  • The average score is 26 of 81
Answer Stats
Too Fast For Love % Correct
Girls Girls Girls
92%
Shout At The Devil
92%
Dr Feelgood
90%
Home Sweet Home
82%
Too Fast For Love
81%
Live Wire
78%
Kickstart My Heart
77%
Smokin' In The Boys Room
67%
Looks That Kill
65%
Wild Side
65%
Saints Of Los Angeles
59%
Same Ol' Situation (S.O.S)
59%
Too Young To Fall In Love
59%
Take Me To the Top
51%
Merry Go Round
47%
Red Hot
47%
Don't Go Away Mad (Just Go Away)
45%
Helter Skelter
45%
Without You
45%
Ten Seconds To Love
43%
Bastard
42%
Dancing On Glass
40%
On With The Show
40%
T. n. T (Terror 'n Tinseltown)
40%
Generation Swine
37%
In The Beginning
37%
Nona
36%
Public Enemy #1
36%
Rattlesnake Shake
36%
Knock 'Em Dead, Kid
35%
Louder Than Hell
34%
Piece Of Your Action
34%
Slice Of Your Pie
34%
You're All I Need
33%
Danger
32%
Starry Eyes
32%
All In The Name Of...
31%
City Boy Blues
31%
Come on and Dance
31%
She Goes Down
31%
Sticky Sweet
31%
Jailhouse Rock
30%
Bad Boy Boogie
27%
God Bless The Children Of the Beast
27%
Tonight
26%
Five Years Dead
25%
Time For Change
25%
Toast Of The Town
25%
Keep Your Eye On The Money
24%
Mutherfucker Of the Year
24%
Use It Or Lose It
22%
Fight For Your Rights
21%
Stick To Your Guns
21%
Save Our Souls
20%
Sumthin For Nuthin'
20%
Afraid
19%
Tonight (We Need A Lover)
19%
Raise Your Hands To Rock
18%
Glitter
17%
Brandon
15%
Rodeo
15%
Down At The Whisky
14%
Face Down In The Dirt
14%
White Trash Circus
14%
Shout At The Devil '97
12%
Find Myself
10%
L.a.m.f
10%
The Animal In Me
10%
Flush
9%
Goin'g Out Swingin'
9%
Just Another Psycho
9%
Beauty
8%
Rocketship
8%
A Rat Like Me
6%
Welcome To The Machine
6%
What's It Gonna Take
6%
Confessions
5%
Let Us Prey
5%
This Aint A Love Song
5%
Anybody Out There?
3%
Chicks = Trouble
2%
No matching quizzes found
Score Distribution
Percent of People with Each Score
Percentile by Number Answered
Your Score History
You have not taken this quiz since the last reset